| 000 | 00887nam a22002417a 4500 | ||
|---|---|---|---|
| 005 | 20170605122328.0 | ||
| 008 | 170605b xxu||||| |||| 00| ٠ Urdu d | ||
| 010 | _aA-998654 | ||
| 020 | _c95.00 | ||
| 035 | _aA-998654 | ||
| 037 | _bCen Lib/Ret | ||
| 040 |
_aDPL _bUR |
||
| 082 | _a321.8 | ||
| 100 |
_a ا یچ ا ین سنہا _9892 |
||
| 245 |
_aہندوستانی سا سی نظام کا تدر یجی ا ر تقا _bا یچ ا ین سنہا |
||
| 246 |
_aHindustani siasi Nizam ka Tadriji Irtaqa _bby H.N. Sinha |
||
| 260 |
_aنئی دہلی _b قومی کونسل برائے فروغ ار دوزیان _c1999 |
||
| 270 |
_a12-بلاک-I، آر - کے-پور م _bنئی دہلی _e110066 |
||
| 300 |
_a377p. _c22cm(Hb) |
||
| 650 |
_aہندوستانی تاریخ _9410 |
||
| 650 |
_aIndian History _9140331 |
||
| 942 |
_2ddc _cUR _h321.8 _mس ن ہ |
||
| 999 |
_c140735 _d140735 |
||